<?xml version="1.0" encoding="UTF-8"?>
<record
    xmlns:xsi="http://www.w3.org/2001/XMLSchema-instance"
    xsi:schemaLocation="http://www.loc.gov/MARC21/slim http://www.loc.gov/standards/marcxml/schema/MARC21slim.xsd"
    xmlns="http://www.loc.gov/MARC21/slim">

  <leader>03936nam a2200325 a 4500</leader>
  <controlfield tag="003">OSt</controlfield>
  <controlfield tag="005">20250805091711.0</controlfield>
  <controlfield tag="007">cr ||||||a|a|a</controlfield>
  <controlfield tag="008">250620s2025    mx a|||fom||| 001 0 spa d</controlfield>
  <datafield tag="040" ind1=" " ind2=" ">
    <subfield code="e">rda</subfield>
  </datafield>
  <datafield tag="100" ind1="1" ind2=" ">
    <subfield code="a">Carrasco Amador, Jos&#xE9; Alfredo</subfield>
    <subfield code="9">190496</subfield>
  </datafield>
  <datafield tag="245" ind1="1" ind2="0">
    <subfield code="a"> Diversidad y observaciones ecol&#xF3;gicas del estrato arboreo del bosque mes&#xF3;filo, Rancho Las Ca&#xF1;adas, Xicotepec, Puebla/</subfield>
    <subfield code="c">por Jos&#xE9; Alfredo Carrasco Amador; director de tesis Maricruz Rangel Galv&#xE1;n; secretario Emma Estrada Mart&#xED;nez; vocal Ernestina Cedillo Portugal; suplente Andr&#xE9;s Gelacio Miranda Moreno; suplente Diana Guerra Ram&#xED;rez.</subfield>
  </datafield>
  <datafield tag="264" ind1=" " ind2="1">
    <subfield code="a">Chapingo, M&#xE9;xico :</subfield>
    <subfield code="b">El autor,</subfield>
    <subfield code="c">2024.</subfield>
  </datafield>
  <datafield tag="300" ind1=" " ind2=" ">
    <subfield code="a">1 recurso en l&#xED;nea (71 p&#xE1;ginas):</subfield>
    <subfield code="b">cuadros, figuras.</subfield>
  </datafield>
  <datafield tag="336" ind1=" " ind2=" ">
    <subfield code="2">rdacontent</subfield>
    <subfield code="a">texto</subfield>
    <subfield code="b">txt</subfield>
  </datafield>
  <datafield tag="337" ind1=" " ind2=" ">
    <subfield code="2">rdamedia</subfield>
    <subfield code="a">computadora</subfield>
    <subfield code="b">c</subfield>
  </datafield>
  <datafield tag="338" ind1=" " ind2=" ">
    <subfield code="2">rdacarrier</subfield>
    <subfield code="a">recurso en l&#xED;nea</subfield>
    <subfield code="b">cr</subfield>
  </datafield>
  <datafield tag="502" ind1=" " ind2=" ">
    <subfield code="b">IRF</subfield>
    <subfield code="c">DICIFO</subfield>
    <subfield code="d">2024.</subfield>
    <subfield code="g">LIC</subfield>
  </datafield>
  <datafield tag="504" ind1=" " ind2=" ">
    <subfield code="a">Incluye referencias bibliogr&#xE1;ficas: p&#xE1;ginas 53-60.</subfield>
  </datafield>
  <datafield tag="520" ind1=" " ind2=" ">
    <subfield code="a">El bosque mes&#xF3;filo de monta&#xF1;a (BMM) es uno de los ecosistemas m&#xE1;s prioritarios a nivel mundial para la conservaci&#xF3;n y restauraci&#xF3;n, dado que se encuentra gravemente amenazado por la deforestaci&#xF3;n y el cambio clim&#xE1;tico. Este ecosistema cubre menos del 1% del territorio nacional, pero es de gran importancia debido a su alta biodiversidad y a su capacidad para proveer servicios ecosist&#xE9;micos. En este estudio se analiz&#xF3; la diversidad de especies del estrato arb&#xF3;reo en el rancho "Las Ca&#xF1;adas", ubicado en el municipio de Xicotepec, en la Sierra Norte del estado de Puebla, con vegetaci&#xF3;n caracter&#xED;stica de BMM. Mediante la evaluaci&#xF3;n de cinco &#xED;ndices de diversidad y los par&#xE1;metros ecol&#xF3;gicos de dominancia, frecuencia y valor de importancia relativa, ajustados a un modelo de muestreo por punto cuadrante y senderos biol&#xF3;gicos, se determin&#xF3; el grado de diversidad del predio y su relaci&#xF3;n con el estado de conservaci&#xF3;n del BMM. Los resultados mostraron una alta diversidad en el predio, con 21 especies registradas en un estrato arb&#xF3;reo que cubre m&#xE1;s de 20 hect&#xE1;reas, representando el 25% de la superficie total del rancho. Los par&#xE1;metros ecol&#xF3;gicos revelaron que las especies con mayor peso ecol&#xF3;gico en esta comunidad son Quercus oleoides, Quercus xalapensis, y Pleuranthodendron lindenii. De los cinco &#xED;ndices de diversidad evaluados, el &#xED;ndice de Margalef result&#xF3; ser el m&#xE1;s adecuado para la evaluaci&#xF3;n de la vegetaci&#xF3;n de BMM en transectos biol&#xF3;gicos, ya que fue el menos influenciado por variables como la extensi&#xF3;n del &#xE1;rea, la frecuencia de las especies registradas o el car&#xE1;cter matem&#xE1;tico de la f&#xF3;rmula, mientras que los &#xED;ndices de Shannon y McIntosh fueron los m&#xE1;s sensibles a cambios en estas variables. El modelo de muestreo por punto cuadrante y senderos biol&#xF3;gicos permiti&#xF3; un an&#xE1;lisis adecuado de la diversidad, considerando las diferencias en extensi&#xF3;n, relieve, grado de conservaci&#xF3;n y uso del suelo en cada una de las zonas del predio. Este estudio subraya que la conservaci&#xF3;n del BMM est&#xE1; condicionada por los diferentes grados de presi&#xF3;n humana en las distintas &#xE1;reas analizadas. Es esencial desarrollar m&#xE1;s proyectos que investiguen la biodiversidad y fomenten estrategias de conservaci&#xF3;n en la regi&#xF3;n, utilizando al rancho "Las Ca&#xF1;adas" como ejemplo para garantizar la protecci&#xF3;n del BMM.</subfield>
  </datafield>
  <datafield tag="650" ind1=" " ind2="4">
    <subfield code="a">&#xC1;rboles</subfield>
    <subfield code="x">Identificaci&#xF3;n</subfield>
    <subfield code="9">82437</subfield>
  </datafield>
  <datafield tag="650" ind1=" " ind2="4">
    <subfield code="a">Bosques</subfield>
    <subfield code="x">Conservaci&#xF3;n</subfield>
    <subfield code="9">187168</subfield>
  </datafield>
  <datafield tag="700" ind1="1" ind2=" ">
    <subfield code="a">Rangel Galv&#xE1;n, Maricruz</subfield>
    <subfield code="9">190693</subfield>
    <subfield code="e">director de tesis.</subfield>
  </datafield>
  <datafield tag="700" ind1="1" ind2=" ">
    <subfield code="a">Estrada Mart&#xED;nez, Emma</subfield>
    <subfield code="9">38407</subfield>
    <subfield code="e">secretario.</subfield>
  </datafield>
  <datafield tag="700" ind1="1" ind2=" ">
    <subfield code="a">Cedillo Portugal, Ernestina</subfield>
    <subfield code="9">20850</subfield>
    <subfield code="e">vocal.</subfield>
  </datafield>
  <datafield tag="700" ind1="1" ind2=" ">
    <subfield code="a">Miranda Moreno, Andr&#xE9;s Gelacio</subfield>
    <subfield code="9">76095</subfield>
    <subfield code="e">suplente.</subfield>
  </datafield>
  <datafield tag="700" ind1="1" ind2=" ">
    <subfield code="a">Guerra Ram&#xED;rez, Diana</subfield>
    <subfield code="e">suplente.</subfield>
    <subfield code="9">149184</subfield>
  </datafield>
  <datafield tag="856" ind1=" " ind2=" ">
    <subfield code="u">http://10.13.5.2/tesis/tl/1710347-7_CARRASCO_AMADOR_JOSEALFREDO.pdf</subfield>
    <subfield code="z">DESCARGAR PDF</subfield>
  </datafield>
  <datafield tag="942" ind1=" " ind2=" ">
    <subfield code="2">Clasificaci&#xF3;n Universidad Aut&#xF3;noma Chapingo</subfield>
    <subfield code="c">TD</subfield>
  </datafield>
  <datafield tag="999" ind1=" " ind2=" ">
    <subfield code="c">220655</subfield>
    <subfield code="d">220655</subfield>
  </datafield>
  <datafield tag="952" ind1=" " ind2=" ">
    <subfield code="0">0</subfield>
    <subfield code="1">0</subfield>
    <subfield code="2">local</subfield>
    <subfield code="4">0</subfield>
    <subfield code="5">1</subfield>
    <subfield code="7">0</subfield>
    <subfield code="8">TesDigL</subfield>
    <subfield code="a">BD</subfield>
    <subfield code="b">BD</subfield>
    <subfield code="c">E_L</subfield>
    <subfield code="d">2025-06-20</subfield>
    <subfield code="l">0</subfield>
    <subfield code="o">Tesis digital</subfield>
    <subfield code="r">2025-06-20 10:14:54</subfield>
    <subfield code="w">2025-06-20</subfield>
    <subfield code="y">TD</subfield>
  </datafield>
</record>
